[Event "I Frech Rating"]
[Site "Budapest"]
[Date "2012.??.??"]
[Round "1.1"]
[White "Czuczai, Jeno Dr."]
[Black "Yip, Michael"]
[Result "1-0"]
[WhiteElo "2120"]
[BlackElo "2037"]
[PlyCount "113"]
[EventDate "2012.06.23"]

1. d4 d6 2. c4 e5 3. d5 f5 4. Nc3 Nf6 5. g3 Be7 6. Bg2 O-O 7. e3 a5 8. Nge2 Na6
9. a3 Nc5 10. Na4 Nxa4 11. Qxa4 Bd7 12. Qd1 a4 13. O-O b6 14. Bd2 Qe8 15. Bc3
Ne4 16. f4 Bf6 17. Bxe4 fxe4 18. Qc2 Qh5 19. Rf2 Bg4 20. Kf1 Bxe2+ 21. Qxe2
Qh3+ 22. Ke1 exf4 23. gxf4 Bh4 24. Kd2 Bxf2 25. Qxf2 Rf7 26. Rg1 Re8 27. Rg3
Qd7 28. Qe2 Ree7 29. h4 Rf5 30. h5 h6 31. Qg4 Rff7 32. Qg6 Qf5 33. Qxh6 b5 34.
Qg5 bxc4 35. h6 Qxg5 36. Rxg5 Kh7 37. hxg7 Kg8 38. Bd4 c5 39. dxc6 Rc7 40. Rh5
Rxg7 41. Bxg7 Kxg7 42. Ra5 Rxc6 43. Rxa4 Kf6 44. Kc3 d5 45. Kd4 Ke6 46. f5+
Kxf5 47. Kxd5 Rc8 48. Rxc4 Rd8+ 49. Kc5 Rd2 50. b4 Rd3 51. b5 Rxe3 52. a4 Rb3
53. a5 e3 54. Rc1 Ke4 55. a6 Ra3 56. Kb6 e2 57. a7 1-0

[Event "I Frech Rating"]
[Site "Budapest"]
[Date "2012.??.??"]
[Round "1.2"]
[White "Nagy, Aron"]
[Black "Krizsany, Laszlo Sr."]
[Result "1-0"]
[WhiteElo "2039"]
[BlackElo "1899"]
[PlyCount "51"]
[EventDate "2012.06.23"]

1. c4 Nf6 2. g3 c6 3. Bg2 d5 4. Nf3 Bf5 5. cxd5 cxd5 6. Qb3 Qc8 7. Nc3 e6 8.
O-O Nc6 9. d3 Be7 10. Bf4 a6 11. Rac1 Nh5 12. Bd2 O-O 13. Na4 Bd8 14. Nb6 Bxb6
15. Qxb6 Qd7 16. Bc3 Rac8 17. Qe3 Nf6 18. Qf4 Qe7 19. Ne5 Bg6 20. Nxc6 Rxc6 21.
Bb4 Qd7 22. Bxf8 Kxf8 23. Rxc6 bxc6 24. Qb4+ Kg8 25. Qb8+ Ne8 26. Qa8 1-0

[Event "I Frech Rating"]
[Site "Budapest"]
[Date "2012.??.??"]
[Round "1.3"]
[White "Gubics, Peter"]
[Black "Rinyu, Janos"]
[Result "1-0"]
[WhiteElo "2215"]
[BlackElo "2004"]
[PlyCount "57"]
[EventDate "2012.06.23"]

1. e4 b6 2. d4 Bb7 3. Nc3 e6 4. Nf3 Bb4 5. Bd3 Nf6 6. Qe2 d5 7. e5 Ne4 8. Bd2
Nxd2 9. Qxd2 Ba6 10. Bxa6 Nxa6 11. Qd3 Bxc3+ 12. bxc3 Nb8 13. h4 Nd7 14. Rh3 c5
15. Ng5 c4 16. Qe2 Qe7 17. Rf3 O-O 18. Re3 Qa3 19. Kd2 b5 20. Rg3 b4 21. Qg4
bxc3+ 22. Kd1 g6 23. h5 f5 24. Qh4 Qe7 25. hxg6 Rae8 26. g7 Qxg7 27. Nxh7 Qxg3
28. Qxg3+ Kxh7 29. Ke2 1-0

[Event "I Frech Rating"]
[Site "Budapest"]
[Date "2012.??.??"]
[Round "1.4"]
[White "Rajcsanyi, Peter"]
[Black "Bodrogi, Laszlo"]
[Result "0-1"]
[WhiteElo "1896"]
[BlackElo "2012"]
[PlyCount "75"]
[EventDate "2012.06.23"]

1. e4 e6 2. d4 d5 3. Nc3 Bb4 4. a3 Bxc3+ 5. bxc3 dxe4 6. Qg4 Nf6 7. Qxg7 Rg8 8.
Qh6 c5 9. Ne2 Rg6 10. Qe3 Nc6 11. Rb1 Bd7 12. Nf4 Nd5 13. Nxd5 exd5 14. Rxb7
Na5 15. Rb2 Qe7 16. Qf4 Nc6 17. Bb5 Rxg2 18. Bxc6 Bxc6 19. Rb8+ Kd7 20. Rxa8
Bxa8 21. Qf5+ Qe6 22. Qxh7 Bc6 23. Qh5 Ba4 24. Qe2 a6 25. h4 Bb5 26. Qh5 Kc6
27. Be3 f6 28. Kd2 cxd4 29. cxd4 Kb6 30. Qh8 Rg8 31. Qh5 Rc8 32. Rb1 Qc6 33.
Ke1 Qc3+ 34. Bd2 Qc4 35. Rxb5+ axb5 36. c3 Rg8 37. Kd1 Rg1+ 38. Kc2 0-1

[Event "I Frech Rating"]
[Site "Budapest"]
[Date "2012.??.??"]
[Round "2.5"]
[White "Havaskori, Laszlo"]
[Black "Zoldy, Robert"]
[Result "1-0"]
[WhiteElo "1944"]
[BlackElo "1974"]
[PlyCount "69"]
[EventDate "2012.06.23"]

1. d4 f5 2. Nf3 Nf6 3. g3 g6 4. Bg2 Bg7 5. O-O O-O 6. c4 d6 7. Nc3 c6 8. Qc2
Qe8 9. b3 e5 10. dxe5 dxe5 11. Ba3 Rf7 12. Ng5 Rd7 13. Rad1 e4 14. f3 Bh6 15.
Bc1 e3 16. f4 Na6 17. Na4 Bg7 18. c5 h6 19. Nf3 Ng4 20. Rd6 b6 21. Nb2 Nb4 22.
Qb1 Rxd6 23. cxd6 Nf2 24. a3 Nd5 25. Nd3 Ne4 26. Qc2 Bd7 27. Nfe5 Nxd6 28. Nc5
Bxe5 29. fxe5 Nf7 30. e6 Bxe6 31. Bb2 Rd8 32. Ba1 Nc7 33. Qc3 Qf8 34. Qf6 Ne5
35. Qxe5 1-0

[Event "I Frech Rating"]
[Site "Budapest"]
[Date "2012.??.??"]
[Round "2.1"]
[White "Yip, Michael"]
[Black "Zoldy, Robert"]
[Result "1-0"]
[WhiteElo "2037"]
[BlackElo "1974"]
[PlyCount "87"]
[EventDate "2012.06.23"]

1. d4 f5 2. g3 Nf6 3. Bg2 g6 4. c4 Bg7 5. Nf3 O-O 6. O-O d6 7. Nc3 c6 8. d5 Qa5
9. Rb1 Na6 10. dxc6 bxc6 11. Nd4 Bd7 12. Nxc6 Bxc6 13. Bxc6 Rac8 14. Bd5+ Nxd5
15. cxd5 Nb4 16. Qb3 Rb8 17. Bd2 Rfc8 18. a3 Nc6 19. Qa2 Nd4 20. b4 Qa6 21.
Rfe1 Rc4 22. Kg2 Rbc8 23. Rec1 Qb7 24. b5 f4 25. gxf4 Nf5 26. e4 Nh4+ 27. Kg3
Bxc3 28. Kxh4 Bf6+ 29. Kg3 Rxe4 30. Rc6 Rf8 31. Kf3 Re5 32. fxe5 Bxe5+ 33. Ke2
Qd7 34. Be3 Qg4+ 35. Kd2 Bd4 36. Qb3 Rf3 37. Re1 Bxe3+ 38. fxe3 Rf2+ 39. Kc3
Qf5 40. Kb4 Qe5 41. Ka5 Qf5 42. e4 Qd7 43. h3 Rh2 44. Qc3 1-0

[Event "I Frech Rating"]
[Site "Budapest"]
[Date "2012.??.??"]
[Round "2.2"]
[White "Bodrogi, Laszlo"]
[Black "Havaskori, Laszlo"]
[Result "1-0"]
[WhiteElo "2012"]
[BlackElo "1944"]
[PlyCount "101"]
[EventDate "2012.06.23"]

1. e4 e5 2. Nf3 Nc6 3. Bb5 d6 4. d4 Bd7 5. Nc3 exd4 6. Nxd4 Nxd4 7. Bxd7+ Qxd7
8. Qxd4 Ne7 9. f4 Nc6 10. Qf2 f5 11. Be3 fxe4 12. Nxe4 Qf5 13. Nc3 O-O-O 14.
O-O-O d5 15. Nb5 a6 16. Nd4 Nxd4 17. Bxd4 Bd6 18. g3 Rhg8 19. Rhe1 g5 20. Be5
gxf4 21. gxf4 Qh3 22. Rd3 Qg2 23. Qa7 Bxe5 24. fxe5 c5 25. Qxc5+ Kb8 26. h4 Rg4
27. Rc3 Rc4 28. Rxc4 dxc4 29. Qe3 Qd5 30. e6 Re8 31. Qe5+ Qxe5 32. Rxe5 Re7 33.
Kd2 Kc7 34. Kc3 Kd6 35. Rh5 Kxe6 36. Kxc4 Kd6 37. Kd4 Kc7 38. a4 b6 39. b4 Rd7+
40. Kc4 Kb7 41. c3 Rf7 42. Kd5 Rc7 43. Rh6 Rd7+ 44. Rd6 Rg7 45. Ke5 Kc7 46. Rd4
h5 47. Rf4 Kb7 48. Kd5 Rd7+ 49. Ke6 Rg7 50. Rf7+ Rxf7 51. Kxf7 1-0

[Event "I Frech Rating"]
[Site "Budapest"]
[Date "2012.??.??"]
[Round "2.3"]
[White "Rinyu, Janos"]
[Black "Rajcsanyi, Peter"]
[Result "1-0"]
[WhiteElo "2004"]
[BlackElo "1896"]
[PlyCount "83"]
[EventDate "2012.06.23"]

1. d4 Nf6 2. Bg5 d5 3. Bxf6 exf6 4. e3 Bd6 5. g3 c6 6. Bg2 Qb6 7. Qc1 O-O 8.
Ne2 Qa6 9. Nd2 Bg4 10. Nf3 Re8 11. Qd2 Qb5 12. O-O Nd7 13. a4 Qb6 14. a5 Qc7
15. c3 b6 16. b3 Reb8 17. c4 bxa5 18. cxd5 Bb4 19. Qc2 Rc8 20. Rfc1 Nb8 21.
dxc6 Na6 22. Nf4 Qd6 23. Nd2 Be6 24. d5 Bf5 25. e4 Bg6 26. Nc4 Qc5 27. Nxa5
Qxc2 28. Rxc2 Be7 29. Nb7 Nb4 30. Rc4 Bf8 31. Ra4 a5 32. Rxa5 Rxa5 33. Nxa5 Rc7
34. Nb7 h6 35. Nc5 Bh7 36. Nd7 Be7 37. Nc5 g5 38. Nh5 g4 39. Rxb4 Bxc5 40. Rb8+
Bf8 41. Nxf6+ Kg7 42. Ne8+ 1-0

[Event "I Frech Rating"]
[Site "Budapest"]
[Date "2012.??.??"]
[Round "2.4"]
[White "Krizsany, Laszlo Dr."]
[Black "Gubics, Peter"]
[Result "0-1"]
[WhiteElo "1899"]
[BlackElo "2215"]
[PlyCount "96"]
[EventDate "2012.06.23"]

1. d4 Nf6 2. Nf3 g6 3. g3 Bg7 4. Bg2 O-O 5. O-O d5 6. c3 c5 7. Ne5 Bf5 8. Bf4
Nc6 9. h3 Qb6 10. Nxc6 bxc6 11. Qd2 cxd4 12. cxd4 Ne4 13. Bxe4 Bxe4 14. e3 c5
15. Nc3 Bf3 16. dxc5 Qxc5 17. g4 Rfd8 18. Rac1 Qb4 19. a3 Qb3 20. Qc2 Qb7 21.
Kh2 d4 22. exd4 Rxd4 23. Bg3 Rad8 24. b4 Rd2 25. Qb3 h5 26. gxh5 Bxh5 27. a4
R8d3 28. Qc4 Bf3 29. Nb5 Rd8 30. Qc7 Qe4 31. Rce1 Be2 32. Rg1 Qd3 33. Nxa7 Bf6
34. Nc6 Rd7 35. Qb8+ Kg7 36. Be5 Rd5 37. Bxf6+ exf6 38. Rg3 Bf3 39. Re8 Rxf2+
40. Kg1 Qc2 41. Rxg6+ Qxg6+ 42. Kxf2 Qg2+ 43. Ke3 Qe2+ 44. Kf4 Qc4+ 45. Kxf3
Rf5+ 46. Kg3 Qf4+ 47. Kg2 Rg5+ 48. Kh1 Qf1+ 0-1

[Event "I Frech Rating"]
[Site "Budapest"]
[Date "2012.??.??"]
[Round "2.5"]
[White "Czuczai, Jeno Dr."]
[Black "Nagy, Aron"]
[Result "1/2-1/2"]
[WhiteElo "2120"]
[BlackElo "2039"]
[PlyCount "112"]
[EventDate "2012.06.23"]

1. Nf3 c5 2. c4 g6 3. Nc3 Bg7 4. g3 Nc6 5. Bg2 d6 6. O-O Bf5 7. d3 Qd7 8. Nd5
Rb8 9. Rb1 Bh3 10. Bd2 h5 11. Bxh3 Qxh3 12. Ng5 Qd7 13. h4 Nh6 14. Kg2 O-O 15.
b4 cxb4 16. Nxb4 Nf5 17. e4 Nfd4 18. f4 e6 19. Be3 Nxb4 20. Rxb4 Rfc8 21. Bxd4
Bxd4 22. f5 exf5 23. exf5 Re8 24. fxg6 fxg6 25. Qf3 Qc6 26. Qxc6 bxc6 27. Rxb8
Rxb8 28. Ne6 Rb2+ 29. Kf3 Be5 30. d4 Bg7 31. Rf2 Rb4 32. Rc2 Bf6 33. Ke4 Kf7
34. d5 c5 35. Rc1 Rb2 36. g4 hxg4 37. Kf4 Rxa2 38. Kxg4 Rh2 39. Ng5+ Bxg5 40.
Kxg5 Rg2+ 41. Kf4 Ra2 42. Kg5 a5 43. Rb1 Rg2+ 44. Kf4 Rc2 45. Kg5 Rxc4 46. Rb7+
Ke8 47. Kxg6 Rxh4 48. Kf6 Kd8 49. Ra7 Re4 50. Rxa5 Kc7 51. Ra7+ Kb6 52. Rd7 c4
53. Rxd6+ Kc5 54. Rd8 c3 55. Rc8+ Kb4 56. d6 Rd4 1/2-1/2

[Event "I Frech Rating"]
[Site "Budapest"]
[Date "2012.??.??"]
[Round "3.1"]
[White "Nagy, Aron"]
[Black "Yip, Michael"]
[Result "1-0"]
[WhiteElo "2039"]
[BlackElo "2037"]
[PlyCount "72"]
[EventDate "2012.06.23"]

1. c4 d6 2. g3 e5 3. Bg2 f5 4. Nc3 Nf6 5. d3 Be7 6. Nf3 O-O 7. O-O Qe8 8. b4 a5
9. b5 Nbd7 10. Ng5 Bd8 11. Ba3 h6 12. Nf3 Be7 13. Nh4 Nc5 14. Bxc5 dxc5 15. Nf3
Bd6 16. Nd2 Rb8 17. Nd5 b6 18. Nb1 Nh5 19. Nbc3 g5 20. e3 Bd7 21. Rc1 Qg6 22.
d4 Rf7 23. dxe5 Bxe5 24. f4 Bg7 25. Bf3 g4 26. Bg2 Be6 27. Re1 Re8 28. e4 Bd4+
29. Kf1 fxe4 30. Bxe4 Qg7 31. Qd3 Rd8 32. Bg6 Nxf4 33. Bxf7+ Qxf7 34. gxf4 g3
35. Qxg3+ Kh8 36. Qh4 Rg8 1-0

[Event "I Frech Rating"]
[Site "Budapest"]
[Date "2012.??.??"]
[Round "3.2"]
[White "Gubics, Peter"]
[Black "Czuczai, Jeno Dr."]
[Result "0-1"]
[WhiteElo "2215"]
[BlackElo "2120"]
[PlyCount "124"]
[EventDate "2012.06.23"]

1. e4 e6 2. d4 d5 3. e5 c5 4. c3 Nc6 5. Nf3 a6 6. Bd3 cxd4 7. cxd4 Bb4+ 8. Nc3
h6 9. O-O Bd7 10. Be3 Bxc3 11. bxc3 b5 12. Nd2 Na5 13. Qg4 Kf8 14. Nb3 Nxb3 15.
axb3 Ne7 16. Ra2 Nf5 17. Bc1 g6 18. Ba3+ Kg7 19. Bc5 h5 20. Qf3 Bc6 21. Rfa1
Bb7 22. Qf4 Re8 23. h3 Qh4 24. Qf3 Qg5 25. g3 h4 26. g4 Nh6 27. Ba3 f5 28.
exf6+ Qxf6 29. Qxf6+ Kxf6 30. g5+ Kxg5 31. Bc1+ Kf6 32. Bxh6 e5 33. Be3 e4 34.
Be2 Rac8 35. Rc1 Rc6 36. Bf4 Bc8 37. Be5+ Kg5 38. Kg2 Bf5 39. Kh2 Kh6 40. Bf4+
Kg7 41. Bg5 Rec8 42. Bd2 Rd8 43. Rg1 Bc8 44. Rg2 Rf6 45. Be3 Rc6 46. Rc2 Be6
47. Rc1 Rdc8 48. Bd2 b4 49. c4 dxc4 50. Bxb4 cxb3 51. Rxc6 Rxc6 52. Rg1 Rc2 53.
Bg4 Rxf2+ 54. Kh1 Bd5 55. Re1 b2 56. Bc3 Rc2 57. Bxb2 Rxb2 58. Kg1 Rd2 59. Ra1
Bc4 60. Bc8 e3 61. Bxa6 e2 62. Kf2 Rd1 0-1

[Event "I Frech Rating"]
[Site "Budapest"]
[Date "2012.??.??"]
[Round "3.3"]
[White "Rajcsanyi, Peter"]
[Black "Krizsany, Laszlo Sr."]
[Result "1/2-1/2"]
[WhiteElo "1896"]
[BlackElo "1899"]
[PlyCount "67"]
[EventDate "2012.06.23"]

1. e4 c6 2. d4 d5 3. exd5 cxd5 4. c4 Nf6 5. Nc3 e6 6. Nf3 Nc6 7. c5 Ne4 8. Bb5
Nxc3 9. bxc3 Qa5 10. Qc2 Qxb5 11. Bf4 b6 12. a4 Qa6 13. cxb6 axb6 14. Kd2 Na5
15. Rhc1 Nc4+ 16. Ke1 Be7 17. h4 Bd7 18. a5 bxa5 19. h5 h6 20. g4 Rc8 21. Ne5
a4 22. Nxd7 Kxd7 23. Rxa4 Qc6 24. Rca1 Ra8 25. Ra7+ Rxa7 26. Rxa7+ Ke8 27. Qb3
Bd8 28. Qb8 Qb6 29. Rb7 Qa5 30. Bc7 Qxc3+ 31. Kf1 Qh3+ 32. Kg1 Qxg4+ 33. Kh2
Qxh5+ 34. Kg2 1/2-1/2

[Event "I Frech Rating"]
[Site "Budapest"]
[Date "2012.??.??"]
[Round "3.4"]
[White "Havaskori, Laszlo"]
[Black "Rinyu, Janos"]
[Result "1/2-1/2"]
[WhiteElo "1944"]
[BlackElo "2004"]
[PlyCount "131"]
[EventDate "2012.06.23"]

1. d4 b6 2. Nf3 Bb7 3. Nbd2 f5 4. c4 e6 5. Qc2 Nf6 6. e3 Be7 7. Bd3 O-O 8. a3
Qe8 9. b3 Qg6 10. Bb2 d6 11. O-O-O Nbd7 12. d5 Nc5 13. dxe6 Nxd3+ 14. Qxd3 Ng4
15. Qe2 Qxe6 16. Nd4 Qd7 17. f3 Ne5 18. Nb5 Bf6 19. h3 a6 20. Nc3 Qf7 21. f4
Ng6 22. Nf3 Rfe8 23. Qd3 Be4 24. Qd2 Re7 25. Ng5 Bxg5 26. fxg5 Ne5 27. Nxe4
fxe4 28. Bxe5 Rxe5 29. Rdf1 Qe7 30. h4 d5 31. Qb4 dxc4 32. Qxc4+ Qe6 33. Qxe6+
Rxe6 34. Rf4 Rd8 35. Rhf1 h6 36. gxh6 Rxh6 37. R1f2 Rd3 38. Rxe4 Rxb3 39. a4
Rc6+ 40. Rc2 Rbc3 41. Rxc3 Rxc3+ 42. Kd2 Ra3 43. g4 c5 44. h5 Kf7 45. g5 Ra2+
46. Kd3 Rg2 47. g6+ Kf6 48. Rh4 Kg5 49. Rh1 Rg4 50. e4 b5 51. a5 Rg3+ 52. Ke2
Rg4 53. Kf3 Rf4+ 54. Ke3 Rg4 55. Rc1 c4 56. Rh1 b4 57. Kd4 c3 58. Rh2 Kh6 59.
Kd3 Rg5 60. Kc4 Rxa5 61. Re2 Re5 62. Kxb4 c2 63. Rxc2 Rxe4+ 64. Kc5 Re6 65. Rg2
Rf6 66. Rg3 1/2-1/2

[Event "I Frech Rating"]
[Site "Budapest"]
[Date "2012.??.??"]
[Round "3.5"]
[White "Zoldy, Robert"]
[Black "Bodrogi, Laszlo"]
[Result "1-0"]
[WhiteElo "1974"]
[BlackElo "2012"]
[PlyCount "93"]
[EventDate "2012.06.23"]

1. e4 e6 2. d4 d5 3. Nc3 Bb4 4. e5 Ne7 5. a3 Bxc3+ 6. bxc3 c5 7. h4 Qa5 8. Bd2
Qa4 9. Nf3 Nbc6 10. h5 h6 11. Rh4 Nf5 12. Rg4 c4 13. Nh4 Nce7 14. Qb1 b6 15.
Be2 Bd7 16. Nxf5 Nxf5 17. Qb4 Qc6 18. a4 a6 19. Qa3 O-O-O 20. Rf4 f6 21. Kf1
fxe5 22. dxe5 Be8 23. g4 Nh4 24. Qe7 g5 25. Rf8 Rxf8 26. Qxf8 d4 27. f3 Bxh5
28. Qxh6 Nxf3 29. Bxg5 Nxg5 30. Qxh5 Ne4 31. Qh7 Ng5 32. Qh5 Rf8+ 33. Ke1 Nf3+
34. Kd1 Qe4 35. Qh6 Re8 36. Qh1 Rf8 37. Qh6 Rd8 38. Qxe6+ Rd7 39. Qxc4+ Rc7 40.
Qxa6+ Kd8 41. Qxb6 dxc3 42. Qf6+ Kc8 43. Ba6+ Kd7 44. Qf7+ Kd8 45. Qf8+ Kd7 46.
Bb5+ Ke6 47. Qd6+ 1-0

[Event "I Frech Rating"]
[Site "Budapest"]
[Date "2012.??.??"]
[Round "4.1"]
[White "Yip, Michael"]
[Black "Bodrogi, Laszlo"]
[Result "1-0"]
[WhiteElo "2037"]
[BlackElo "2012"]
[PlyCount "125"]
[EventDate "2012.06.23"]

1. d4 Nf6 2. Nf3 b6 3. c4 Bb7 4. Nc3 e6 5. a3 Be7 6. d5 O-O 7. e4 d6 8. Be2 a5
9. b3 Na6 10. O-O Nc5 11. Nd2 Qd7 12. Rb1 h6 13. Qc2 Rfe8 14. Bb2 Bf8 15. Rfe1
c6 16. Bf3 Qc7 17. Rbc1 Rac8 18. b4 axb4 19. axb4 Na6 20. Qb3 cxd5 21. cxd5 Qd8
22. Nc4 Nb8 23. Ne3 Nbd7 24. dxe6 fxe6 25. Ng4 Qe7 26. Nxf6+ gxf6 27. Bh5 Red8
28. f4 Kh8 29. Bf3 Bg7 30. Nb5 Nf8 31. Bd4 Bc6 32. Nc3 Qa7 33. b5 Be8 34. f5 e5
35. Be3 Bf7 36. Nd5 Nd7 37. Ra1 Qb7 38. Red1 Ra8 39. Qb2 Rxa1 40. Rxa1 Bxd5 41.
exd5 Ra8 42. Rc1 Nc5 43. Bxc5 bxc5 44. Be2 Qxd5 45. Bf3 e4 46. Rd1 Qxf5 47. Be2
Qf4 48. b6 f5 49. b7 Rb8 50. Qb3 Bd4+ 51. Kh1 Qe5 52. Bc4 e3 53. Qb6 Qe7 54.
Ba6 Be5 55. Qc6 Qd8 56. Qf3 Qh4 57. g3 Qa4 58. Bd3 f4 59. Bb1 Qd4 60. Bc2 d5
61. Qh5 e2 62. Qf5 Kg7 63. gxf4 1-0

[Event "I Frech Rating"]
[Site "Budapest"]
[Date "2012.??.??"]
[Round "4.2"]
[White "Rinyu, Janos"]
[Black "Zoldy, Robert"]
[Result "1/2-1/2"]
[WhiteElo "2004"]
[BlackElo "1974"]
[PlyCount "74"]
[EventDate "2012.06.23"]

1. d4 e6 2. Bf4 d5 3. e3 c5 4. c3 Nc6 5. Nd2 Nf6 6. Bd3 cxd4 7. cxd4 h6 8. h3
Bd6 9. Bxd6 Qxd6 10. Ngf3 O-O 11. O-O Bd7 12. Rc1 Nb4 13. Qb3 Nxd3 14. Qxd3
Rac8 15. Ne5 Rc7 16. Rxc7 Qxc7 17. Nb3 Rc8 18. Rc1 Qd6 19. Rxc8+ Bxc8 20. Qc3
Qd8 21. Qc5 b6 22. Nc6 bxc5 23. Nxd8 c4 24. Nc5 Bd7 25. Kf1 Kf8 26. Nxd7+ Nxd7
27. Nc6 a6 28. Ke2 g5 29. f3 h5 30. e4 Nb6 31. Kd2 dxe4 32. fxe4 f5 33. exf5
exf5 34. b3 cxb3 35. axb3 Kf7 36. Nb4 a5 37. Nc6 a4 1/2-1/2

[Event "I Frech Rating"]
[Site "Budapest"]
[Date "2012.??.??"]
[Round "4.3"]
[White "Krizsany, Laszlo Sr."]
[Black "Havaskori, Laszlo"]
[Result "1/2-1/2"]
[WhiteElo "1899"]
[BlackElo "1944"]
[PlyCount "95"]
[EventDate "2012.06.23"]

1. d4 Nf6 2. c4 e6 3. Nc3 Bb4 4. Qc2 O-O 5. Nf3 d6 6. g3 Nbd7 7. Bg2 c5 8. O-O
Bxc3 9. Qxc3 Re8 10. Bg5 h6 11. Bxf6 Qxf6 12. e4 e5 13. d5 Nf8 14. a4 a5 15.
Nd2 g5 16. f4 Qg7 17. f5 Nh7 18. g4 Nf6 19. Bf3 Qf8 20. Rf2 Qe7 21. h3 Kg7 22.
Rh2 Rh8 23. Qe3 Nh7 24. Kg2 Bd7 25. b3 Rag8 26. Kf2 f6 27. Rah1 Qd8 28. Qc3 Qb6
29. Ke3 Be8 30. Kf2 Nf8 31. Nf1 Nd7 32. Ne3 Qb4 33. Nd1 h5 34. Kg3 Rh6 35. Qe3
Rgh8 36. Qc3 Nb8 37. Qxb4 cxb4 38. Nf2 Na6 39. Nd3 Kf8 40. h4 hxg4 41. Bxg4
gxh4+ 42. Rxh4 Kg7 43. Rxh6 Rxh6 44. Rxh6 Kxh6 45. Kh4 b6 46. Bd1 Bf7 47. Bf3
Nb8 48. Be2 1/2-1/2

[Event "I Frech Rating"]
[Site "Budapest"]
[Date "2012.??.??"]
[Round "4.4"]
[White "Czuczai, Jeno Dr."]
[Black "Rajcsanyi, Peter"]
[Result "1-0"]
[WhiteElo "2120"]
[BlackElo "1896"]
[PlyCount "137"]
[EventDate "2012.06.23"]

1. d4 Nf6 2. c4 e6 3. Nc3 Bb4 4. Bg5 c5 5. Bxf6 Qxf6 6. e3 O-O 7. Nf3 Nc6 8.
Be2 cxd4 9. exd4 e5 10. O-O Bxc3 11. bxc3 d6 12. d5 Na5 13. Nd2 b6 14. Nb3 Nb7
15. Qd2 Qg6 16. Kh1 Bd7 17. f4 Rab8 18. Bd3 Qh6 19. f5 Qxd2 20. Nxd2 f6 21. g4
Nc5 22. Be4 Rbc8 23. Rae1 Kf7 24. Kg2 Ke7 25. h4 Na4 26. Rf3 Rc7 27. Rb1 Rfc8
28. Bc2 Nc5 29. Kg3 Ba4 30. Bb3 Bd7 31. Re3 Ba4 32. Kf3 Bd7 33. Rg1 Rf8 34. Bc2
Ba4 35. Bb3 Bd7 36. Ke2 Rcc8 37. Bc2 Ba4 38. Bd3 Bd7 39. Reg3 Na4 40. Rb1 Nc5
41. Rf1 Be8 42. Bc2 Ba4 43. Bb1 Nb7 44. Ke3 b5 45. g5 Na5 46. cxb5 Rxc3+ 47.
Kf2 Rxg3 48. Kxg3 Bxb5 49. Rf3 Nc4 50. Ne4 Nb6 51. Ra3 Ra8 52. Nc3 Bd7 53. Bd3
a5 54. Rb3 Na4 55. Nxa4 Bxa4 56. Rb7+ Kf8 57. gxf6 gxf6 58. Rxh7 Kg8 59. Rh6
Kg7 60. Rg6+ Kf7 61. h5 Bd1 62. h6 Rh8 63. Rg7+ Kf8 64. Rd7 Rxh6 65. Rxd6 Ke7
66. Ra6 a4 67. d6+ Kd7 68. Bb5+ Kc8 69. Bc6 1-0

[Event "I Frech Rating"]
[Site "Budapest"]
[Date "2012.??.??"]
[Round "4.5"]
[White "Nagy, Aron"]
[Black "Gubics, Peter"]
[Result "1-0"]
[WhiteElo "2039"]
[BlackElo "2215"]
[PlyCount "93"]
[EventDate "2012.06.23"]

1. Nf3 Nf6 2. c4 g6 3. g3 Bg7 4. Bg2 O-O 5. O-O d5 6. cxd5 Nxd5 7. Nc3 c5 8.
Nxd5 Qxd5 9. d3 Nc6 10. Be3 Qd6 11. Rc1 Nd4 12. Nxd4 cxd4 13. Bd2 Qb6 14. Qb3
Qxb3 15. axb3 Bg4 16. f3 Be6 17. f4 Rac8 18. Bxb7 Rxc1 19. Rxc1 Bxb3 20. Rc7 e6
21. Bf3 a6 22. Bb7 Bf6 23. Bxa6 Kg7 24. Rc8 Bd8 25. Bb4 Rg8 26. Bc5 h5 27.
Bxd4+ Kh7 28. Rb8 Bd5 29. Kf1 h4 30. b4 h3 31. e4 Bb3 32. b5 Bc2 33. b6 f5 34.
e5 g5 35. fxg5 Ba4 36. Bc4 Bc6 37. Bxe6 Rf8 38. Bc5 Be7 39. Rxf8 Bxc5 40. Rf7+
Kg6 41. b7 Ba7 42. d4 Bg2+ 43. Ke1 Bb8 44. d5 Bxe5 45. Rf8 Bxg3+ 46. hxg3 h2
47. Rh8 1-0

[Event "I Frech Rating"]
[Site "Budapest"]
[Date "2012.??.??"]
[Round "5.1"]
[White "Gubics, Peter"]
[Black "Yip, Michael"]
[Result "1/2-1/2"]
[WhiteElo "2215"]
[BlackElo "2037"]
[PlyCount "186"]
[EventDate "2012.06.23"]

1. e4 d6 2. d4 Nf6 3. Nc3 e5 4. Nf3 Nbd7 5. Bg5 Be7 6. Bc4 c6 7. a4 a5 8. O-O
O-O 9. Qe2 h6 10. Be3 Nxe4 11. Nxe4 d5 12. Ng3 dxc4 13. dxe5 b5 14. Nf5 Nc5 15.
Rfd1 Qc7 16. Nxe7+ Qxe7 17. Bxc5 Qxc5 18. c3 Bf5 19. Rd6 Rfe8 20. Rad1 bxa4 21.
h3 Rab8 22. R6d4 Bd3 23. Qd2 Qb5 24. Ra1 Qxb2 25. Qxb2 Rxb2 26. Rxa4 Ra8 27. e6
Re2 28. exf7+ Kxf7 29. Rd6 Re6 30. Rd7+ Kf6 31. Nd4 Re1+ 32. Kh2 Rc1 33. Nxc6
Rxc3 34. Rd6+ Kf7 35. Rd7+ Kf8 36. Na7 Rc2 37. Kg3 Bf5 38. Rc7 Be6 39. Rxa5 Rd8
40. Re5 Rd7 41. Nb5 Rxc7 42. Nxc7 Bf7 43. Nb5 Rd2 44. Kf3 Bd5+ 45. Kg3 Bc6 46.
Nc3 Kf7 47. f3 Rd3 48. Na2 Bd7 49. Rc5 Be6 50. Nb4 Rd2 51. h4 Kf6 52. Nc6 Bd5
53. Kf4 Ke6 54. Nb4 Kd6 55. Rc8 Be6 56. Rc6+ Kd7 57. Rc5 Rxg2 58. Ke3 Rh2 59.
h5 Kd6 60. Rc6+ Kd7 61. Rc5 Ke7 62. Kd4 Rh4+ 63. Ke3 Kf6 64. Nc6 Bf7 65. Na5
Rxh5 66. Rxh5 Bxh5 67. Nxc4 Kg5 68. Nd2 Be8 69. Ne4+ Kh4 70. Kf2 Bc6 71. Ng3
Kg5 72. Ne2 h5 73. Nd4 Bd7 74. Ne2 h4 75. Kg2 Kf6 76. Nc3 Bc6 77. Ne2 Ke5 78.
Ng1 g5 79. Kf2 Bd7 80. Ne2 Kd6 81. Nc3 Bc6 82. Ne2 Kc5 83. Ng1 Bd7 84. Ne2 Kc4
85. Ng1 Kd3 86. Ne2 Kd2 87. Ng1 Kd3 88. Ne2 Be6 89. Ng1 Kd4 90. Ne2+ Ke5 91.
Ng1 Kf5 92. Ne2 Bd7 93. Nd4+ Kg6 1/2-1/2

[Event "I Frech Rating"]
[Site "Budapest"]
[Date "2012.??.??"]
[Round "5.2"]
[White "Rajcsanyi, Peter"]
[Black "Nagy, Aron"]
[Result "0-1"]
[WhiteElo "1896"]
[BlackElo "2039"]
[PlyCount "86"]
[EventDate "2012.06.23"]

1. e4 c5 2. Nf3 d6 3. d4 cxd4 4. Nxd4 Nf6 5. Nc3 g6 6. Be3 Bg7 7. f3 O-O 8. Qd2
Nc6 9. g4 Bd7 10. h4 Rc8 11. h5 Ne5 12. hxg6 fxg6 13. O-O-O Qa5 14. Kb1 Nxf3
15. Nxf3 Bxg4 16. Bg2 Rxc3 17. Qxc3 Qxc3 18. bxc3 Nxe4 19. Rhf1 Nxc3+ 20. Kc1
Nxd1 21. Kxd1 e5 22. Kd2 b6 23. Nh2 Rxf1 24. Bxf1 Be6 25. c4 Kf7 26. a4 Bd7 27.
a5 bxa5 28. Bxa7 Bh6+ 29. Kc3 Bf4 30. Bg1 g5 31. Be2 Kg6 32. Ng4 h5 33. Ne3
Bxe3 34. Bxe3 h4 35. Bf2 Kf5 36. Kd3 Bc6 37. Kd2 Kf4 38. Kd3 h3 39. Bg1 Kg3 40.
Ke3 Kg2 41. Bg4 Kxg1 42. Bxh3 Kh2 43. Bf5 Kg3 0-1

[Event "I Frech Rating"]
[Site "Budapest"]
[Date "2012.??.??"]
[Round "5.3"]
[White "Havaskori, Laszlo"]
[Black "Czuczai, Jeno Dr."]
[Result "0-1"]
[WhiteElo "1944"]
[BlackElo "2120"]
[PlyCount "64"]
[EventDate "2012.06.23"]

1. d4 f5 2. Nf3 Nf6 3. g3 e6 4. Bg2 d5 5. O-O Bd6 6. c4 c6 7. c5 Bc7 8. Bg5 h6
9. Bxf6 Qxf6 10. e3 O-O 11. Ne1 e5 12. f4 e4 13. Nc3 b6 14. b4 bxc5 15. bxc5
Nd7 16. Na4 Kh8 17. Rf2 Ba6 18. Bf1 Bxf1 19. Kxf1 Rab8 20. Rb1 g5 21. Ng2 gxf4
22. Nxf4 Bxf4 23. Rxf4 Qg6 24. Nc3 Rxb1 25. Nxb1 Nf6 26. Nc3 Ng4 27. Qe2 Qh5
28. Kg1 Rg8 29. Nd1 Kh7 30. Rf2 Rb8 31. Nc3 Kg6 32. h4 Nxf2 0-1

[Event "I Frech Rating"]
[Site "Budapest"]
[Date "2012.??.??"]
[Round "6.1"]
[White "Yip, Michael"]
[Black "Rinyu, Janos"]
[Result "*"]
[WhiteElo "2037"]
[BlackElo "2004"]
[PlyCount "35"]
[EventDate "2012.06.23"]

1. d4 b6 2. e4 Bb7 3. Bd3 Nf6 4. Nc3 e6 5. Nge2 c5 6. O-O c4 7. Bxc4 Nxe4 8.
Nxe4 Bxe4 9. Nc3 Bg6 10. d5 Qc7 11. Bb3 a6 12. Re1 Bb4 13. dxe6 dxe6 14. Nd5
Qc5 15. Be3 Bxe1 16. Bxc5 exd5 17. Qxe1+ Be4 18. Bxd5 *